MARC-Details
| 000 -Satzkennung |
| Kontrollfeld mit fester Länge |
04073nam a22003613u 4500 |
| 001 - Kontrollnummer |
| Kontrollfeld |
drd-32807718 |
| 003 - Kontrollnummer Identifier |
| Kontrollfeld |
Dreier |
| 005 - Datum und Zeit der letzten Transaktion |
| Kontrollfeld |
20251124105513.0 |
| 007 - Feld mit fester Länge zur physischen Beschreibung - Allgemeine Information |
| Kontrollfeld mit fester Länge |
cr|||||||||||| |
| 008 - Feld mit fester Länge zur physischen Beschreibung - Allgemeine Angaben |
| Kontrollfeld mit fester Länge |
251124b |||||||| |||| 00| 0 ger d |
| 020 ## - Internationale Standardbuchnummer |
| Internationale Standardbuchnummer |
9781785334283 |
| Verknüpfung |
978-1-78533-428-3 |
| 040 ## - Katalogisierungsquelle |
| Übertragungsstelle |
RU-10907106 |
| 041 ## - Sprachcode |
| Sprachcode des Textes/der Tonspur oder des separaten Titels |
eng |
| 100 1# - Haupteintragung - Personenname |
| Personenname |
Zordo, Silvia De; Mishtal, Joanna; Anton, Lorena |
| Funktionsbezeichnungscode |
aut |
| Funktionsbezeichnung |
Author |
| Koha-Normdatenidentnummer |
67652 |
| 245 10 - Titel |
| Titel |
A Fragmented Landscape |
| Zusatz zum Titel |
Abortion Governance and Protest Logics in Europe |
| Verfasserangabe etc. |
Edited by Silvia De Zordo; Joanna Mishtal and Lorena Anton |
| 264 ## - Produktion, Veröffentlichung, Distribution, Herstellung und Urheberrechtsvermerk |
| Herstellungs-, Veröffentlichungs- Vertriebs-, Erzeugungsort |
Oxford |
| Produzent, Herausgeber, Distributor, Hersteller |
Berghahn Books |
| Datum der Herstellung, der Veröffentlichung, des Vertriebs oder des Urheberschutzvermerks |
2016 |
| 300 ## - Physische Beschreibung |
| Umfang |
304 Seiten |
| 336 ## - Inhaltstyp |
| Inhaltstypterm |
Text |
| Inhaltstypcode |
txt |
| Quelle |
rdacontent |
| 337 ## - Medientyp |
| Bezeichnung des Medientyps |
Computermedien |
| Medientypcode |
c |
| Quelle |
rdamedia |
| 338 ## - Datenträgertyp |
| Datenträgertypbezeichnung |
Online-Ressource |
| Datenträgertypcode |
cr |
| Quelle |
rdacarrier |
| 500 ## - Allgemeine Fußnote |
| Allgemeine Fußnote |
E-Book / Zugriff nur im Lesesaal |
| 505 ## - Fußnote zu strukturierten Inhaltsangaben |
| Fußnote zu strukturierten Inhaltsangaben |
IntroductionSilvia De Zordo, Joanna Mishtal, and Lorena AntonPART I: PRO-ABORTION RIGHTS ACTIVISM, MOVEMENTS, STRATEGIES, AND PROTEST LOGICSChapter 1. Legal and Political Discourses on Womens Right to AbortionChristina ZampasChapter 2. Freeing Abortion in SwedenAnnulla Linders and Danielle BessettChapter 3. Womens Liberation and the Right to choose: Struggling for Abortion in the United Kingdom and SwitzerlandKristina Schulz and Leena SchmitterPART II: ANTI-ABORTION RIGHTS ACTIVISM, MOVEMENTS, STRATEGIES, AND PROTEST LOGICSChapter 4. Contesting Abortion Rights in Contemporary Italy: Discourses and Practices of Pro-life ActivismClaudia MattalucciChapter 5. Innocence and Demographic Crisis: Transposing Post-Abortion Syndrome into a Russian Orthodox KeySonja LuehrmannChapter 6. Still a Womans Right? Feminist and Other Discourses in Belgiums Abortion StrugglesKaren Celis and Gily CoenePART III: HEALTH PROFESSIONALS'/PROVIDERS' INVOLVEMENT IN THE PRO- OR ANTI-ABORTION RIGHTS DEBATE AND ACCESS TO SERVICESChapter 7. Good doctors do not object: Obstetricians-Gynaecolosists Perspectives on Conscientious Objection to Abortion Care and their Engagement with Pro-abortion Rights Protests in ItalySilvia de ZordoChapter 8. Women Rights or Unborn Rights? Laws and Loopholes In Madrids Public Healthcare Services Abortion Provision to Migrant WomenBeatriz Martn̕ Aragn̤Chapter 9. One Step Forward and Two Steps Back: Accessing Abortion in NorwayMette Lk̜elandPART IV: PRONATALISM, NATIONALISM, AND RESISTANCE IN ABORTION POLITICS AND ACCESS TO ABORTION SERVICESChapter 10. For the Good of the Nation: Pronatalism and Abortion Ban during Ceau¿escus RomaniaLorena AntonChapter 11. Quietly Beating the System: The Logics of Protest and Resistance under the Polish Abortion BanJoanna MishtalChapter 12. Abortion Governance in the New Northern IrelandRobin Whitaker and Goretti HorganAfterword: Reproductive Governance meets European Abortion Politics: The Challenge of Getting the Gaze RightLynn M. MorganBibliographyAcknowledgmentsIndex |
| 520 ## - Fußnote zu Zusammenfassungen usw. |
| Fußnote zur Zusammenfassung usw. |
Since World War II, abortion policies have remained remarkably varied across European nations, with struggles over abortion rights at the forefront of national politics. This volume analyses European abortion governance and explores how social movements, political groups, and individuals use protests and resistance to influence abortion policy. Drawing on case studies from Italy, Spain, Norway, Poland, Romania, Russia, Sweden, Switzerland, the United Kingdom and the European Union, it analyses the strategies and discourses of groups seeking to liberalise or restrict reproductive rights. It also illuminates the ways that reproductive rights politics intersect with demographic anxieties, as well as the rising nationalisms and xenophobia related to austerity policies, mass migration and the recent terrorist attacks in Europe. |
| 648 ## - Nebeneintragung unter einem Schlagwort - Zeitschlagwort |
| Zeitschlagwort |
1945-2017 |
| Koha-Normdatenidentnummer |
8789 |
| 650 ## - Nebeneintragung unter einem Schlagwort - Sachschlagwort |
| Sachschlagwort oder geografischer Name als Eintragungselement |
Politik |
| 650 ## - Nebeneintragung unter einem Schlagwort - Sachschlagwort |
| Sachschlagwort oder geografischer Name als Eintragungselement |
Schwangerschaftsabbruch |
| Koha-Normdatenidentnummer |
22269 |
| 650 ## - Nebeneintragung unter einem Schlagwort - Sachschlagwort |
| Sachschlagwort oder geografischer Name als Eintragungselement |
Soziale Bewegung |
| 651 ## - Nebeneintragung unter einem Schlagwort - Geografischer Name |
| Geografischer Name |
Europa |
| 700 1# - Nebeneintragung - Personenname |
| Personenname |
Mishtal, Joanna |
| Funktionsbezeichnungscode |
aut |
| Funktionsbezeichnung |
Author |
| Koha-Normdatenidentnummer |
67653 |
| 700 1# - Nebeneintragung - Personenname |
| Personenname |
Anton, Lorena |
| Funktionsbezeichnungscode |
aut |
| Funktionsbezeichnung |
Author |
| Koha-Normdatenidentnummer |
67654 |
| 856 ## - Elektronische Adresse und Zugriff |
| OPAC-Notiz |
Volltext |
| URL |
<a href="https://doi.org/10.1515/9781785334283">https://doi.org/10.1515/9781785334283</a> |
| 942 ## - Zusätzliche Felder (Koha) |
| Koha-Medientyp |
E-Books |
| Klassifikation oder Aufstellungssystematik |
Andere/Generische Klassifikation |